LIBRARY & INFORMATION CENTRE, KCAET, TAVANUR

ONLINE PUBLIC ACCESS CATALOGUE (OPAC)

Jeevithamenna Atbhutham (Record no. 15375)

MARC details
000 -LEADER
fixed length control field 00315nam a22001337a 4500
020 ## - INTERNATIONAL STANDARD BOOK NUMBER
ISBN 9788126408146
082 ## - DEWEY DECIMAL CLASSIFICATION NUMBER
Classification number 920.894 812 ANI/JE
100 ## - MAIN ENTRY--AUTHOR NAME
Personal name Aniyan, K. S
245 ## - TITLE STATEMENT
Title Jeevithamenna Atbhutham
260 ## - PUBLICATION, DISTRIBUTION, ETC. (IMPRINT)
Place of publication Kottayam
Name of publisher D.C Books
Year of publication 2017
300 ## - PHYSICAL DESCRIPTION
Number of Pages 243
650 ## - SUBJECT ADDED ENTRY--TOPICAL TERM
Topical Term Malayalam Memoir
942 ## - ADDED ENTRY ELEMENTS (KOHA)
Koha item type Books
Holdings
Withdrawn status Lost status Damaged status Home library Current library Date acquired Cost, normal purchase price Full call number Accession Number Koha item type
      KAUAET KAUAET 13/04/2018 195.00 920.894 812 ANI/JE 25652 Books
free website counter